[Event "2. BUNDESLIGA MITTE 2017/2018"]
[Site "St. Valentin, Pinggau/Villach/Taufkirchen, Fuerstenfeld, St. Veit"]
[Date "2017.11.25"]
[Round "5"]
[Board "4"]
[White "Csonka, Attila"]
[Black "Halvax, Georg"]
[Result "1/2-1/2"]
[WhiteElo "2378"]
[BlackElo "2434"]
[PlyCount "29"]
[EventDate "2017.10.27"]
[EventType "team"]
[EventRounds "11"]
[EventCountry "AUT"]
[WhiteTeam "SPG Fuerstenfeld/Hartberg"]
[BlackTeam "SC MPOE Maria Saal 2"]

1. e4 c5 2. Nf3 Nc6 3. d4 cxd4 4. Nxd4 e5 5. Nb5 d6 6. N1c3 a6 7. Na3 b5 8. Nd5
Nf6 9. Bg5 Qa5+ 10. Bd2 Qd8 11. Bg5 Qa5+ 12. Bd2 Qd8 13. Bg5 Qa5+ 14. Bd2 Qd8
15. Bg5  1/2-1/2

[Event "2. BUNDESLIGA MITTE 2017/2018"]
[Site "St. Valentin, Pinggau/Villach/Taufkirchen, Fuerstenfeld, St. Veit"]
[Date "2017.11.25"]
[Round "5"]
[Board "5"]
[White "Rieger, Robert"]
[Black "Spindelboeck, Gernot"]
[Result "0-1"]
[WhiteElo "2296"]
[BlackElo "2218"]
[PlyCount "116"]
[EventDate "2017.10.27"]
[EventType "team"]
[EventRounds "11"]
[EventCountry "AUT"]
[WhiteTeam "SC MPOE Maria Saal 2"]
[BlackTeam "SPG Fuerstenfeld/Hartberg"]

1. b3 d5 2. Bb2 Nf6 3. e3 g6 4. Nf3 Bg7 5. Be2 O-O 6. O-O Nbd7 7. c4 c6 8. Qc2
Re8 9. d4 Ne4 10. cxd5 cxd5 11. Nc3 Nxc3 12. Qxc3 Nf6 13. Rac1 Bg4 14. Bb5 Rc8
15. Qb4 Qb6 16. Ba3 Rxc1 17. Rxc1 Rc8 18. Rxc8+ Bxc8 19. Ne5 Be6 20. Qc5 Qxc5
21. dxc5 Ne4 22. Nd3 Nc3 23. c6 bxc6 24. Bxc6 Nxa2 25. Bxe7 d4 26. exd4 Bxd4
27. b4 Bc4 28. Nf4 Nc3 29. Bd6 g5 30. Nh5 Ne2+ 31. Kh1 Bxf2 32. Nf6+ Kg7 33.
Ne4 Be3 34. Bc5 Bxc5 35. bxc5 Nd4 36. Bd7 h6 37. Nc3 Kf8 38. Kg1 Ke7 39. Ba4
Bb3 40. Bb5 Nxb5 41. Nxb5 a5 42. Kf2 a4 43. Ke3 Bc4 44. Na3 Bf1 45. g3 Kd7 46.
Kd4 Kc6 47. Nc2 Kb5 48. Kd5 Bh3 49. c6 Bg2+ 50. Kd6 Bxc6 51. Nd4+ Kc4 52. Nxc6
a3 53. Ne5+ Kc3 54. Nxf7 a2 55. Nxh6 a1=Q 56. Ke5 Qf1 57. Ng4 Qf3 58. Nf6 Kd3
 0-1

[Event "2. BUNDESLIGA MITTE 2017/2018"]
[Site "St. Valentin, Pinggau/Villach/Taufkirchen, Fuerstenfeld, St. Veit"]
[Date "2017.11.25"]
[Round "5"]
[Board "6"]
[White "Hatzl, Johannes"]
[Black "Ertl, Johann"]
[Result "1/2-1/2"]
[WhiteElo "2068"]
[BlackElo "2310"]
[PlyCount "120"]
[EventDate "2017.10.27"]
[EventType "team"]
[EventRounds "11"]
[EventCountry "AUT"]
[WhiteTeam "SPG Fuerstenfeld/Hartberg"]
[BlackTeam "SC MPOE Maria Saal 2"]

1. e4 e6 2. d4 d5 3. Nd2 Be7 4. Ngf3 Nf6 5. Bd3 c5 6. dxc5 O-O 7. O-O a5 8. c3
Na6 9. e5 Nd7 10. Qc2 h6 11. Bxa6 Rxa6 12. b4 Qc7 13. Re1 Ra8 14. Nb3 b6 15.
cxb6 Nxb6 16. b5 a4 17. Nbd4 Bd7 18. Bf4 Rfc8 19. Re3 Nc4 20. Rd3 Bf8 21. g4
Na3 22. Qd2 Bxb5 23. Nxb5 Nxb5 24. Rc1 Qc4 25. Nd4 Nxd4 26. cxd4 Qxc1+ 27. Qxc1
Rxc1+ 28. Bxc1 Rc8 29. Ba3 Bxa3 30. Rxa3 Rc4 31. Rd3 g5 32. Kg2 f6 33. exf6 Kf7
34. Kf3 Kxf6 35. Ke3 e5 36. dxe5+ Kxe5 37. h3 h5 38. gxh5 Rh4 39. Ke2 Rxh5 40.
Ra3 Rh4 41. Rg3 Re4+ 42. Kd2 Rd4+ 43. Kc3 Rc4+ 44. Kd3 Kf5 45. Re3 Rf4 46. Re8
Rf3+ 47. Kd4 Rxh3 48. Kxd5 a3 49. Rf8+ Kg4 50. Ke4 Rc3 51. Ra8 Rf3 52. Ra7 Rc3
53. Ra8 Kh3 54. Rh8+ Kg2 55. Rg8 Kxf2 56. Rxg5 Ke2 57. Kd4 Rh3 58. Kc4 Kd2 59.
Kb4 Kc2 60. Rg2+ Kb1  1/2-1/2

[Event "2. BUNDESLIGA MITTE 2017/2018"]
[Site "St. Valentin, Pinggau/Villach/Taufkirchen, Fuerstenfeld, St. Veit"]
[Date "2017.11.25"]
[Round "5"]
[Board "1"]
[White "Pilaj, Herwig"]
[Black "Riemelmoser, Franz"]
[Result "1/2-1/2"]
[WhiteElo "2346"]
[BlackElo "2346"]
[PlyCount "69"]
[EventDate "2017.10.27"]
[EventType "team"]
[EventRounds "11"]
[EventCountry "AUT"]
[WhiteTeam "SC DieKlagenfurter"]
[BlackTeam "ESV ASKOE Admira Villach"]

1. Nf3 Nf6 2. g3 c5 3. Bg2 b6 4. Ne5 d5 5. c4 Bb7 6. Qa4+ Nbd7 7. d3 e6 8. Bg5
Bd6 9. Bxf6 gxf6 10. Nxd7 Qxd7 11. Qxd7+ Kxd7 12. Nc3 Be5 13. cxd5 Bxc3+ 14.
bxc3 Bxd5 15. Bxd5 exd5 16. a4 Kc6 17. Kd2 h5 18. h4 Rhg8 19. c4 dxc4 20. dxc4
Rg4 21. Rhc1 Rd8+ 22. Kc3 Rdd4 23. Kb3 Rd2 24. Ra2 Rxa2 25. Kxa2 a6 26. Rc3 Re4
27. Kb3 b5 28. axb5+ axb5 29. cxb5+ Kxb5 30. Rf3 Rb4+ 31. Kc3 Rc4+ 32. Kb3 Rb4+
33. Kc3 Rc4+ 34. Kd3 Rd4+ 35. Kc3  1/2-1/2

[Event "2. BUNDESLIGA MITTE 2017/2018"]
[Site "St. Valentin, Pinggau/Villach/Taufkirchen, Fuerstenfeld, St. Veit"]
[Date "2017.11.25"]
[Round "5"]
[Board "2"]
[White "Dappiano, Andrea"]
[Black "Wertjanz, David"]
[Result "1-0"]
[WhiteElo "2310"]
[BlackElo "2338"]
[PlyCount "93"]
[EventDate "2017.10.27"]
[EventType "team"]
[EventRounds "11"]
[EventCountry "AUT"]
[WhiteTeam "ESV ASKOE Admira Villach"]
[BlackTeam "SC DieKlagenfurter"]

1. e4 c5 2. c3 d6 3. d4 Nf6 4. Bd3 g6 5. Nf3 Bg7 6. O-O O-O 7. h3 Qc7 8. Bf4
Nbd7 9. Nbd2 e5 10. dxe5 Nxe5 11. Nc4 Re8 12. Re1 Nh5 13. Bh2 Be6 14. Ne3 Qc6
15. Bc2 Nxf3+ 16. Qxf3 Nf6 17. Rad1 Rad8 18. Bf4 h6 19. Rd2 Bxa2 20. Ra1 Be6
21. Rad1 Bf8 22. Bxh6 Bxh6 23. Qxf6 Bg7 24. Qg5 b5 25. f4 c4 26. Kh1 b4 27. f5
bxc3 28. bxc3 Qc5 29. h4 f6 30. Qg3 gxf5 31. exf5 Bf7 32. Ng4 Kh7 33. Rxd6 Rxd6
34. Rxd6 Re1+ 35. Qxe1 Qxd6 36. Qe3 a5 37. Nf2 Bh6 38. Ne4 Bxe3 39. Nxd6 Bd5
40. Ne8 Bc6 41. Nxf6+ Kg7 42. Ng4 Bf4 43. h5 a4 44. f6+ Kh8 45. h6 a3 46. f7
Bd6 47. Ne5  1-0

[Event "2. BUNDESLIGA MITTE 2017/2018"]
[Site "St. Valentin, Pinggau/Villach/Taufkirchen, Fuerstenfeld, St. Veit"]
[Date "2017.11.25"]
[Round "5"]
[Board "3"]
[White "Genser, Harald"]
[Black "Reichmann, Egon"]
[Result "1/2-1/2"]
[WhiteElo "2296"]
[BlackElo "2265"]
[PlyCount "66"]
[EventDate "2017.10.27"]
[EventType "team"]
[EventRounds "11"]
[EventCountry "AUT"]
[WhiteTeam "SC DieKlagenfurter"]
[BlackTeam "ESV ASKOE Admira Villach"]

1. d4 d5 2. Bf4 c6 3. e3 Qb6 4. Qc1 Bf5 5. Nf3 Nf6 6. Be2 Nbd7 7. O-O Nh5 8.
Bg5 h6 9. Bh4 g5 10. Nfd2 Ndf6 11. Bg3 Nxg3 12. hxg3 Bg7 13. c4 O-O 14. Nc3
Rac8 15. c5 Qc7 16. f4 g4 17. b4 Qd7 18. Nb3 Ne4 19. Nxe4 Bxe4 20. Qd1 h5 21.
Bd3 f5 22. Bxe4 dxe4 23. Qe2 Bf6 24. Kf2 Kg7 25. Qc4 Rh8 26. Rh1 Rh6 27. a4
Rch8 28. Ke2 a6 29. Rag1 h4 30. gxh4 Rxh4 31. Rxh4 Rxh4 32. Nd2 e6 33. Kd1 Kg6
 1/2-1/2

[Event "2. BUNDESLIGA MITTE 2017/2018"]
[Site "St. Valentin, Pinggau/Villach/Taufkirchen, Fuerstenfeld, St. Veit"]
[Date "2017.11.25"]
[Round "5"]
[Board "4"]
[White "Heindl, Matthias"]
[Black "Petschar, Kurt"]
[Result "1-0"]
[WhiteElo "2180"]
[BlackElo "2269"]
[PlyCount "89"]
[EventDate "2017.10.27"]
[EventType "team"]
[EventRounds "11"]
[EventCountry "AUT"]
[WhiteTeam "ESV ASKOE Admira Villach"]
[BlackTeam "SC DieKlagenfurter"]

1. Nf3 c5 2. g3 Nc6 3. d4 cxd4 4. Nxd4 e5 5. Nb3 d5 6. Bg2 Be6 7. O-O Nf6 8.
Bg5 Be7 9. Nc3 d4 10. Bxf6 gxf6 11. Ne4 Qb6 12. Qd2 h6 13. Qe1 f5 14. Ned2 h5
15. c3 dxc3 16. bxc3 h4 17. e3 hxg3 18. hxg3 Qa6 19. c4 Bb4 20. Qe2 O-O-O 21.
Rfc1 Ba3 22. Rd1 Rd7 23. Nf3 Bxc4 24. Qc2 Bd3 25. Qc3 Bb4 26. Qc1 Qc4 27. Qxc4
Bxc4 28. Rdc1 Bxb3 29. axb3 Kb8 30. Rxc6 bxc6 31. Nxe5 Rb7 32. Nxc6+ Kc7 33.
Nxb4 Rxb4 34. Rxa7+ Kd6 35. Ra6+ Ke7 36. Bd5 Rd8 37. Ra7+ Kf6 38. Bxf7 Rd2 39.
Bc4 Rb2 40. Kg2 Rb8 41. Ra5 Rd8 42. Rd5 Ra8 43. Bd3 Rxb3 44. Rxf5+ Ke6 45. Bc4+
 1-0

[Event "2. BUNDESLIGA MITTE 2017/2018"]
[Site "St. Valentin, Pinggau/Villach/Taufkirchen, Fuerstenfeld, St. Veit"]
[Date "2017.11.25"]
[Round "5"]
[Board "5"]
[White "Titz, Heimo"]
[Black "Frank, Dieter"]
[Result "1/2-1/2"]
[WhiteElo "2137"]
[BlackElo "2185"]
[PlyCount "115"]
[EventDate "2017.10.27"]
[EventType "team"]
[EventRounds "11"]
[EventCountry "AUT"]
[WhiteTeam "SC DieKlagenfurter"]
[BlackTeam "ESV ASKOE Admira Villach"]

1. Nf3 Nf6 2. c4 e6 3. g3 d5 4. Bg2 Be7 5. O-O O-O 6. d4 dxc4 7. Ne5 c5 8. dxc5
Qc7 9. Nxc4 Qxc5 10. Qb3 Nc6 11. Be3 Qh5 12. Bf3 Ng4 13. Bxg4 Qxg4 14. f3 Qh3
15. Nc3 h5 16. Ne4 b6 17. Rfd1 Ba6 18. Qa4 Nb4 19. Qb3 Nd5 20. Bf2 Rac8 21.
Rac1 Rc7 22. Ned2 Rfc8 23. e4 Nf6 24. a4 h4 25. Qd3 Nh5 26. f4 Nxf4 27. Qf3 Ng6
28. b3 Bg5 29. Be3 Bxe3+ 30. Qxe3 hxg3 31. Qxg3 Qxg3+ 32. hxg3 Ne5 33. Rc3 Nxc4
34. Nxc4 Bxc4 35. Rdc1 Kf8 36. Kf2 Ke7 37. Ke3 Rc5 38. bxc4 Ra5 39. Ra1 b5 40.
Rb3 Rxa4 41. Rxa4 bxa4 42. Rb7+ Kf6 43. Kd4 a6 44. Rb4 Rd8+ 45. Kc3 Ke5 46.
Rxa4 Rd6 47. c5 Rc6 48. Kc4 Kxe4 49. Rb4 Kf3 50. Rb7 Kxg3 51. Rxf7 g5 52. Rd7
g4 53. Rd6 Rc8 54. Rxa6 Kf2 55. Rxe6 Rg8 56. Rf6+ Ke3 57. Re6+ Kf3 58. Rf6+
 1/2-1/2

[Event "2. BUNDESLIGA MITTE 2017/2018"]
[Site "St. Valentin, Pinggau/Villach/Taufkirchen, Fuerstenfeld, St. Veit"]
[Date "2017.11.25"]
[Round "5"]
[Board "6"]
[White "Holzmann, Joerg"]
[Black "Jakits, Leopold"]
[Result "1-0"]
[WhiteElo "2189"]
[BlackElo "2128"]
[PlyCount "79"]
[EventDate "2017.10.27"]
[EventType "team"]
[EventRounds "11"]
[EventCountry "AUT"]
[WhiteTeam "ESV ASKOE Admira Villach"]
[BlackTeam "SC DieKlagenfurter"]

1. e4 c6 2. d4 d5 3. Nc3 dxe4 4. Nxe4 Bf5 5. Ng3 Bg6 6. h4 h6 7. Nf3 Nd7 8. h5
Bh7 9. Bd3 Bxd3 10. Qxd3 e6 11. Bf4 Qa5+ 12. Bd2 Bb4 13. c3 Be7 14. c4 Qc7 15.
O-O-O Ngf6 16. Ne4 b5 17. c5 Rd8 18. Nxf6+ Nxf6 19. Qe2 Rd5 20. Kb1 Rxh5 21.
Rxh5 Nxh5 22. Ne5 Nf6 23. Qf3 Bxc5 24. dxc5 Qxe5 25. Qxc6+ Ke7 26. Qb7+ Kf8 27.
Qa8+ Ne8 28. Bc3 Qf5+ 29. Ka1 Qxf2 30. c6 Qc5 31. a3 Kg8 32. Qxe8+ Kh7 33. Qd7
a5 34. Qd3+ f5 35. Qd4 Qe7 36. Qd7 Qg5 37. c7 b4 38. Qxg7+ Qxg7 39. Bxg7 Rc8
40. Be5  1-0

[Event "2. BUNDESLIGA MITTE 2017/2018"]
[Site "St. Valentin, Pinggau/Villach/Taufkirchen, Fuerstenfeld, St. Veit"]
[Date "2017.11.25"]
[Round "5"]
[Board "1"]
[White "Kociscak, Jiri"]
[Black "Sandhoefner, Florian"]
[Result "1-0"]
[WhiteElo "2490"]
[BlackElo "2313"]
[PlyCount "103"]
[EventDate "2017.10.27"]
[EventType "team"]
[EventRounds "11"]
[EventCountry "AUT"]
[WhiteTeam "SV Steyregg"]
[BlackTeam "ASK St. Valentin"]

1. d4 d5 2. c4 dxc4 3. e4 Nf6 4. e5 Nd5 5. Bxc4 Nb6 6. Bb3 Nc6 7. Nf3 Bf5 8.
O-O e6 9. h3 Qd7 10. Nc3 Na5 11. Bc2 Bxc2 12. Qxc2 Be7 13. Bg5 O-O 14. Bxe7
Qxe7 15. Rac1 Rfd8 16. Ne4 Nd5 17. Neg5 g6 18. Ne4 b6 19. a3 Nb7 20. Qd2 Kg7
21. b4 a5 22. Nf6 axb4 23. Ng4 Kh8 24. axb4 Ra4 25. Qh6 Qf8 26. Qh4 Rd7 27. Ra1
Rxb4 28. Ra7 Na5 29. Rc1 Rc4 30. Rxc4 Nxc4 31. Nf6 Nxf6 32. exf6 Kg8 33. Ng5 h5
34. Qe4 Nd6 35. Qc6 Qe8 36. Rxc7 Rxc7 37. Qxc7 Nf5 38. Qxb6 Qc8 39. Kh2 Qe8 40.
g4 hxg4 41. hxg4 Nh6 42. Kh3 Qf8 43. Kg3 Qe8 44. Qc7 Qa8 45. f3 Qe8 46. Ne4 Qf8
47. Nd6 Kh7 48. Kg2 Kg8 49. Qc8 Qxc8 50. Nxc8 g5 51. Kg3 Kh7 52. Ne7  1-0

[Event "2. BUNDESLIGA MITTE 2017/2018"]
[Site "St. Valentin, Pinggau/Villach/Taufkirchen, Fuerstenfeld, St. Veit"]
[Date "2017.11.25"]
[Round "5"]
[Board "2"]
[White "Heimberger, Reinhard"]
[Black "Velicka, Petr"]
[Result "0-1"]
[WhiteElo "2261"]
[BlackElo "2412"]
[PlyCount "78"]
[EventDate "2017.10.27"]
[EventType "team"]
[EventRounds "11"]
[EventCountry "AUT"]
[WhiteTeam "ASK St. Valentin"]
[BlackTeam "SV Steyregg"]

1. d4 Nf6 2. g3 d5 3. Bg2 c5 4. e3 Bg4 5. Nf3 Nc6 6. h3 Bxf3 7. Bxf3 cxd4 8.
exd4 e6 9. O-O Bd6 10. Bg5 h6 11. Bxf6 Qxf6 12. c3 O-O 13. Bg2 b5 14. Nd2 Rab8
15. a3 a5 16. Nf3 Rfc8 17. Qd3 b4 18. axb4 axb4 19. Ra6 bxc3 20. bxc3 Rc7 21.
Rfa1 Qd8 22. Nd2 Bf8 23. Qe3 Ne7 24. g4 Qc8 25. Nf3 Rxc3 26. Qe1 Ng6 27. Qd2
Bb4 28. R6a4 Bd6 29. Ra6 Bf4 30. Qd1 Qf8 31. Qa4 Rbc8 32. Qb5 Bb8 33. Ne5 Nxe5
34. dxe5 Bxe5 35. Re1 Bb8 36. Raa1 Qd6 37. Rab1 Qh2+ 38. Kf1 Ba7 39. Qb7 Bxf2
 0-1

[Event "2. BUNDESLIGA MITTE 2017/2018"]
[Site "St. Valentin, Pinggau/Villach/Taufkirchen, Fuerstenfeld, St. Veit"]
[Date "2017.11.25"]
[Round "5"]
[Board "3"]
[White "Enoeckl, Philipp"]
[Black "Casagrande, Harald"]
[Result "1/2-1/2"]
[WhiteElo "2298"]
[BlackElo "2318"]
[PlyCount "94"]
[EventDate "2017.10.27"]
[EventType "team"]
[EventRounds "11"]
[EventCountry "AUT"]
[WhiteTeam "SV Steyregg"]
[BlackTeam "ASK St. Valentin"]

1. d4 Nf6 2. c4 e6 3. Nc3 d5 4. Bg5 Be7 5. e3 O-O 6. Nf3 Nbd7 7. Rc1 a6 8. c5
c6 9. b4 Ne4 10. Bxe7 Qxe7 11. Nxe4 dxe4 12. Ne5 Nxe5 13. dxe5 b5 14. Qd6 Qxd6
15. cxd6 Bd7 16. g3 a5 17. a3 axb4 18. axb4 Ra4 19. Rb1 f5 20. exf6 gxf6 21.
Bg2 f5 22. O-O Rc8 23. Rfc1 Kf7 24. f3 exf3 25. Bxf3 Ra3 26. Ra1 Rxe3 27. Ra7
Ke8 28. Kf2 Rd3 29. Rc7 Rxd6 30. Rxc8+ Bxc8 31. Rxc6 Rxc6 32. Bxc6+ Bd7 33. Bf3
e5 34. Ke3 Ke7 35. Be2 Kd6 36. Bd3 Kd5 37. Be2 h6 38. h4 Be8 39. Bf1 Kc6 40.
Bg2+ Kd6 41. Bf1 Kd5 42. Be2 Bd7 43. Bf1 f4+ 44. gxf4 exf4+ 45. Kxf4 Kd4 46. h5
Kc3 47. Ke5 Kxb4  1/2-1/2

[Event "2. BUNDESLIGA MITTE 2017/2018"]
[Site "St. Valentin, Pinggau/Villach/Taufkirchen, Fuerstenfeld, St. Veit"]
[Date "2017.11.25"]
[Round "5"]
[Board "4"]
[White "Theuretzbacher, Klaus"]
[Black "Pierecker, Markus"]
[Result "1/2-1/2"]
[WhiteElo "2208"]
[BlackElo "2204"]
[PlyCount "69"]
[EventDate "2017.10.27"]
[EventType "team"]
[EventRounds "11"]
[EventCountry "AUT"]
[WhiteTeam "ASK St. Valentin"]
[BlackTeam "SV Steyregg"]

1. e4 c5 2. b3 d6 3. Bb2 Nf6 4. Bb5+ Bd7 5. Bxd7+ Nbxd7 6. Qe2 g6 7. Nc3 Bg7 8.
Nf3 O-O 9. O-O Ne8 10. Rfd1 Ne5 11. Nxe5 Bxe5 12. Na4 Bxb2 13. Nxb2 Nc7 14. Nc4
b5 15. Ne3 a6 16. d4 cxd4 17. Rxd4 Qc8 18. c4 Qb7 19. Qg4 Ne6 20. Rd5 Nc7 21.
Rd4 Ne6 22. Rd5 Nc7 23. Rd3 Ne8 24. e5 bxc4 25. Nxc4 dxe5 26. Nxe5 Nf6 27. Qf4
Rad8 28. Rad1 Rxd3 29. Rxd3 Rc8 30. h3 Qe4 31. Qxe4 Rc1+ 32. Kh2 Nxe4 33. f3
Nd6 34. Rd5 h5 35. Rd2  1/2-1/2

[Event "2. BUNDESLIGA MITTE 2017/2018"]
[Site "St. Valentin, Pinggau/Villach/Taufkirchen, Fuerstenfeld, St. Veit"]
[Date "2017.11.25"]
[Round "5"]
[Board "6"]
[White "Dornauer, Joachim"]
[Black "Meyer, Gordon"]
[Result "1-0"]
[WhiteElo "2161"]
[BlackElo "2182"]
[PlyCount "79"]
[EventDate "2017.10.27"]
[EventType "team"]
[EventRounds "11"]
[EventCountry "AUT"]
[WhiteTeam "ASK St. Valentin"]
[BlackTeam "SV Steyregg"]

1. d4 Nf6 2. c4 g6 3. Nc3 Bg7 4. e4 d6 5. f3 O-O 6. Be3 Nc6 7. Qd2 e5 8. d5 Nd4
9. Nge2 c5 10. dxc6 bxc6 11. Nxd4 exd4 12. Bxd4 Re8 13. Be2 d5 14. exd5 cxd5
15. c5 Rb8 16. O-O Rb4 17. Bf2 d4 18. Nb5 Nd5 19. Nd6 Rxb2 20. Qxb2 d3 21.
Qxg7+ Kxg7 22. Nxe8+ Qxe8 23. Bxd3 Nf4 24. Rfe1 Qd8 25. Bf1 Bb7 26. Rad1 Qc7
27. Kh1 Ne6 28. Bb5 Qa5 29. Bc4 Ng5 30. Re7 Qa4 31. Bb3 Qa6 32. Be3 h6 33. h4
Kf8 34. Bxg5 hxg5 35. Rxf7+ Ke8 36. Re1+ Kd8 37. hxg5 Qa5 38. Rd1+ Kc8 39. Be6+
Kb8 40. Rb1  1-0

[Event "2. BUNDESLIGA MITTE 2017/2018"]
[Site "St. Valentin, Pinggau/Villach/Taufkirchen, Fuerstenfeld, St. Veit"]
[Date "2017.11.25"]
[Round "5"]
[Board "1"]
[White "Menezes, Christoph"]
[Black "Schmidt, Peter"]
[Result "1/2-1/2"]
[WhiteElo "2404"]
[BlackElo "2392"]
[PlyCount "68"]
[EventDate "2017.10.27"]
[EventType "team"]
[EventRounds "11"]
[EventCountry "AUT"]
[WhiteTeam "UNION Ansfelden"]
[BlackTeam "SPG Sauwald"]

1. Nf3 g6 2. g3 Bg7 3. Bg2 Nf6 4. O-O O-O 5. d4 c6 6. b3 d5 7. Bb2 a5 8. c4 a4
9. e3 Ne4 10. Nfd2 Bf5 11. Nxe4 Bxe4 12. Bxe4 dxe4 13. bxa4 c5 14. Qb3 cxd4 15.
Qxb7 Na6 16. Qxe4 Nc5 17. Qc6 Nxa4 18. Bxd4 e5 19. Bc5 Nxc5 20. Qxc5 e4 21. Na3
Bxa1 22. Rxa1 Qf6 23. Rf1 Rfc8 24. Qb4 Qc6 25. Rd1 Qa4 26. Qxa4 Rxa4 27. Nb5
Rcxc4 28. Rd8+ Kg7 29. g4 Kf6 30. Re8 Kg5 31. h3 Rxa2 32. Nd4 h5 33. Rxe4 Rc1+
34. Kg2 hxg4  1/2-1/2

[Event "2. BUNDESLIGA MITTE 2017/2018"]
[Site "St. Valentin, Pinggau/Villach/Taufkirchen, Fuerstenfeld, St. Veit"]
[Date "2017.11.25"]
[Round "5"]
[Board "2"]
[White "Testor, Sebastian"]
[Black "Felsberger, Alfred"]
[Result "1/2-1/2"]
[WhiteElo "2293"]
[BlackElo "2336"]
[PlyCount "73"]
[EventDate "2017.10.27"]
[EventType "team"]
[EventRounds "11"]
[EventCountry "AUT"]
[WhiteTeam "SPG Sauwald"]
[BlackTeam "UNION Ansfelden"]

1. d4 Nf6 2. Nf3 e6 3. c4 Bb4+ 4. Nbd2 b6 5. a3 Bxd2+ 6. Qxd2 Bb7 7. e3 d6 8.
Be2 a5 9. b3 Nbd7 10. O-O O-O 11. Bb2 Qe7 12. Qc2 Ne4 13. Ne1 f5 14. f3 Nef6
15. Nd3 c5 16. Rad1 Rfc8 17. Qd2 a4 18. b4 cxd4 19. exd4 Rxc4 20. Nc5 Bd5 21.
Nxd7 Qxd7 22. Bxc4 Bxc4 23. d5 Nxd5 24. Rfe1 b5 25. f4 Kf7 26. Qf2 Qe7 27. Qg3
Rg8 28. Rd2 h6 29. h4 g6 30. Kh2 Ke8 31. Kg1 Kd7 32. Qf2 Kc6 33. Qf3 Re8 34.
Qg3 Rg8 35. Qf3 Kd7 36. Qf2 Kc6 37. Qf3  1/2-1/2

[Event "2. BUNDESLIGA MITTE 2017/2018"]
[Site "St. Valentin, Pinggau/Villach/Taufkirchen, Fuerstenfeld, St. Veit"]
[Date "2017.11.25"]
[Round "5"]
[Board "3"]
[White "Weiss, Christian"]
[Black "Taggatz, Mario"]
[Result "1/2-1/2"]
[WhiteElo "2378"]
[BlackElo "2183"]
[PlyCount "145"]
[EventDate "2017.10.27"]
[EventType "team"]
[EventRounds "11"]
[EventCountry "AUT"]
[WhiteTeam "UNION Ansfelden"]
[BlackTeam "SPG Sauwald"]

1. d4 d5 2. g3 Nf6 3. Bg2 c6 4. Nf3 Bf5 5. O-O e6 6. c4 Nbd7 7. b3 Be7 8. Nc3
Ne4 9. Bb2 Qa5 10. Nxe4 Bxe4 11. e3 O-O 12. Qe2 Ba3 13. Rfc1 Rac8 14. Ne1 Bxg2
15. Kxg2 Rfd8 16. Nf3 h6 17. Rab1 Be7 18. Qc2 Re8 19. Bc3 Qa6 20. c5 b5 21. a4
bxa4 22. b4 Bf6 23. Ra1 a3 24. Ra2 e5 25. Rca1 exd4 26. exd4 Qc4 27. Be1 Qxc2
28. Rxc2 Re4 29. Bc3 a6 30. Rxa3 Nb8 31. Nd2 Re2 32. Raa2 Rce8 33. Nb3 R2e4 34.
Rd2 Bd8 35. Rd3 g5 36. Bd2 Kg7 37. Kf1 f5 38. Nc1 Bc7 39. Bc3 Kg6 40. Ne2 R8e7
41. Ng1 f4 42. g4 h5 43. h3 hxg4 44. hxg4 f3 45. Nxf3 Rxg4 46. Ne5+ Bxe5 47.
dxe5 Kf5 48. Ra1 Re6 49. Ra3 Re4 50. Rf3+ Rf4 51. Bd2 Rxf3 52. Rxf3+ Kxe5 53.
Rf8 Nd7 54. Rd8 Nf6 55. Bxg5 d4 56. Bxf6+ Rxf6 57. Ke2 Rh6 58. f3 Rh2+ 59. Kd3
Rf2 60. Rxd4 Rxf3+ 61. Kc4 Rf6 62. Rd8 Rh6 63. Kb3 Rg6 64. Ka4 Rg1 65. Ka5 Rb1
66. Kb6 Rxb4+ 67. Kxc6 a5 68. Rd1 a4 69. Kd7 a3 70. c6 a2 71. c7 Rb1 72. Rxb1
axb1=Q 73. c8=Q  1/2-1/2

[Event "2. BUNDESLIGA MITTE 2017/2018"]
[Site "St. Valentin, Pinggau/Villach/Taufkirchen, Fuerstenfeld, St. Veit"]
[Date "2017.11.25"]
[Round "5"]
[Board "4"]
[White "Hellmayr, Alois"]
[Black "Moser, Guenter"]
[Result "1/2-1/2"]
[WhiteElo "2256"]
[BlackElo "2301"]
[PlyCount "35"]
[EventDate "2017.10.27"]
[EventType "team"]
[EventRounds "11"]
[EventCountry "AUT"]
[WhiteTeam "SPG Sauwald"]
[BlackTeam "UNION Ansfelden"]

1. Nf3 g6 2. d4 Bg7 3. g3 d6 4. Bg2 Nd7 5. e4 e5 6. dxe5 dxe5 7. O-O Ngf6 8.
Nbd2 O-O 9. b3 Qe7 10. Qe2 b6 11. a4 Bb7 12. Bb2 Rfd8 13. Rfd1 a5 14. h3 h6 15.
Kh2 Kh7 16. Kg1 Kg8 17. Kh2 Kh7 18. Kg1  1/2-1/2

[Event "2. BUNDESLIGA MITTE 2017/2018"]
[Site "St. Valentin, Pinggau/Villach/Taufkirchen, Fuerstenfeld, St. Veit"]
[Date "2017.11.25"]
[Round "5"]
[Board "5"]
[White "Knoll, Hermann"]
[Black "Hiermann, Dietmar"]
[Result "1/2-1/2"]
[WhiteElo "2333"]
[BlackElo "2257"]
[PlyCount "59"]
[EventDate "2017.10.27"]
[EventType "team"]
[EventRounds "11"]
[EventCountry "AUT"]
[WhiteTeam "UNION Ansfelden"]
[BlackTeam "SPG Sauwald"]

1. Nf3 Nf6 2. c4 e6 3. g3 Be7 4. Bg2 O-O 5. O-O d5 6. b3 c5 7. Bb2 Nc6 8. e3 b6
9. Qe2 Bb7 10. d3 Qc7 11. Nc3 Rac8 12. Rfd1 Rfd8 13. cxd5 Nxd5 14. Nxd5 Rxd5
15. d4 cxd4 16. Nxd4 Nxd4 17. Bxd4 Rdd8 18. Bxb7 Qxb7 19. Bb2 Bf8 20. Rxd8 Rxd8
21. Rd1 Rxd1+ 22. Qxd1 Qd5 23. Qxd5 exd5 24. Kf1 f6 25. Ke2 Kf7 26. Kd3 Ke6 27.
h3 h5 28. g4 hxg4 29. hxg4 g6 30. f4  1/2-1/2

[Event "2. BUNDESLIGA MITTE 2017/2018"]
[Site "St. Valentin, Pinggau/Villach/Taufkirchen, Fuerstenfeld, St. Veit"]
[Date "2017.11.25"]
[Round "5"]
[Board "6"]
[White "Wisnet, Dominic"]
[Black "Ennsberger, Ulrich"]
[Result "1/2-1/2"]
[WhiteElo "2272"]
[BlackElo "2267"]
[PlyCount "132"]
[EventDate "2017.10.27"]
[EventType "team"]
[EventRounds "11"]
[EventCountry "AUT"]
[WhiteTeam "SPG Sauwald"]
[BlackTeam "UNION Ansfelden"]

1. c4 e5 2. g3 Nf6 3. Bg2 d5 4. cxd5 Nxd5 5. Nc3 Nb6 6. Nf3 Nc6 7. O-O Be7 8.
a3 a5 9. d3 O-O 10. Be3 Be6 11. Rc1 f5 12. Nd2 f4 13. Bxb6 cxb6 14. Nc4 Bc5 15.
Ne4 Bd4 16. Qd2 b5 17. Ncd6 Qb6 18. gxf4 exf4 19. Ng5 Bb3 20. Nxb7 Ne5 21. Nc5
f3 22. Nxf3 Nxf3+ 23. exf3 Bd5 24. Ne4 Be5 25. Qg5 Rae8 26. f4 Bxe4 27. dxe4
Bxf4 28. Qd5+ Kh8 29. Rc6 Qb8 30. h3 Rd8 31. Qc5 Bh2+ 32. Kh1 Qf4 33. Qc1 Qb8
34. Rc5 Bf4 35. Qc3 b4 36. Qb3 Qb6 37. Rd5 Rxd5 38. Qxd5 Qf6 39. Qxa5 Be5 40.
f4 Bxf4 41. Qxb4 g5 42. a4 Rc8 43. a5 Qd8 44. a6 Qd3 45. Qb7 Rg8 46. Qc6 Be5
47. Rf5 Qb1+ 48. Rf1 Qd3 49. Rf5 g4 50. Qd5 Qb1+ 51. Bf1 Bxb2 52. a7 Qa1 53.
Qb7 g3 54. Kg2 Bd4 55. Qa6 Qxa6 56. Bxa6 Bxa7 57. e5 Bd4 58. e6 Re8 59. Bc4 Kg7
60. Rf7+ Kg6 61. Kxg3 Be5+ 62. Kf3 Bd6 63. h4 Rf8 64. Bd3+ Kh6 65. Rxf8 Bxf8
66. Kg4 Be7  1/2-1/2